00555nam a2200181   450000500170000000800410001702000180005804100120007608200150008810000210010324500270012425000080015126000510015930000080021036500180021852001120023665000250034820250918161304.0250916b        |||||||| |||| 00| 0 eng d  a9788122484908  aEnglish  a372.6bLOU  aLougheed Lin Ed.  aBarron's IELTS Premium  a7th  aMumbaibNew Age International Publishersc2024  a490  b559.00cRs.00  a1.	Introduction
2.	Preparing for IELTS
3.	Listening
4.	Reading
5.	Writing
6.	Speaking
7.	IELTS Model Tests
  aCommunication Skills